000 00654nam a2200193Ia 4500
005 20250508164940.0
008 008 250505s9999 xx 000 0 eng d
037 _aDissertations
040 _aFEDL
_beng
_cFEDL
041 _aeng
_2eng
084 _a510.7, MIT/DI
_qFEDL
100 _aMittal Kamlesh
_9775354
245 0 _aComparative study of effectiveness of the reception-oriented and the selection-oriented concept attainment models in teaching some concepts of mathematics
260 _c1991
300 _a129p.
546 _aM.Ed. Dissertation (Delhi University)
942 _cDIS
_h510.7, MIT/DI
999 _c1392216
_d1392216